|
|
|
|
| LEADER |
02229nam a2200649 4500 |
| 001 |
ocn793911047 |
| 003 |
OCoLC |
| 005 |
20170124070426.6 |
| 006 |
m o d |
| 007 |
cr un|---uuuuu |
| 008 |
120516s2012 nju ob 001 0 eng |
| 010 |
|
|
|a 2012020263
|
| 040 |
|
|
|a DLC
|b eng
|e pn
|c DLC
|d YDX
|d N$T
|d CDX
|d YDXCP
|d DG1
|d TEFOD
|d UKDOC
|d TEFOD
|d OCLCQ
|d DEBBG
|d GrThAP
|
| 019 |
|
|
|a 813528981
|
| 020 |
|
|
|a 9781118294260
|q (ePub)
|
| 020 |
|
|
|a 1118294262
|q (ePub)
|
| 020 |
|
|
|a 9781118294277
|q (Adobe PDF)
|
| 020 |
|
|
|a 1118294270
|q (Adobe PDF)
|
| 020 |
|
|
|a 9781118294284
|q (MobiPocket)
|
| 020 |
|
|
|a 1118294289
|q (MobiPocket)
|
| 020 |
|
|
|a 9781118294291
|
| 020 |
|
|
|a 1118294297
|
| 020 |
|
|
|a 0470655364
|
| 020 |
|
|
|a 9780470655368
|
| 020 |
|
|
|a 9781283644228
|
| 020 |
|
|
|a 1283644223
|
| 020 |
|
|
|z 9780470655368
|q (cloth)
|
| 029 |
1 |
|
|a GBVCP
|b 790211262
|
| 029 |
1 |
|
|a NZ1
|b 15921956
|
| 029 |
1 |
|
|a DEBBG
|b BV043394550
|
| 035 |
|
|
|a (OCoLC)793911047
|z (OCoLC)813528981
|
| 037 |
|
|
|a B015DA10-B10B-42CA-A25A-8AEF7785599C
|b OverDrive, Inc.
|n http://www.overdrive.com
|
| 042 |
|
|
|a pcc
|
| 050 |
|
0 |
|a GN741
|
| 072 |
|
7 |
|a SOC
|x 003000
|2 bisacsh
|
| 082 |
0 |
0 |
|a 930.1
|2 23
|
| 049 |
|
|
|a MAIN
|
| 245 |
0 |
2 |
|a A companion to gender prehistory /
|c edited by Diane Bolger.
|
| 264 |
|
1 |
|a Malden, MA :
|b John Wiley & Sons Inc.,
|c [2012]
|
| 264 |
|
4 |
|c ©2012
|
| 300 |
|
|
|a 1 online resource.
|
| 336 |
|
|
|a text
|b txt
|2 rdacontent
|
| 337 |
|
|
|a computer
|b c
|2 rdamedia
|
| 338 |
|
|
|a online resource
|b cr
|2 rdacarrier
|
| 490 |
0 |
|
|a Wiley-Blackwell companions to anthropology
|
| 504 |
|
|
|a Includes bibliographical references and index.
|
| 588 |
0 |
|
|a Print version record and CIP data provided by publisher.
|
| 650 |
|
0 |
|a Prehistoric peoples
|x Sex differences.
|
| 650 |
|
0 |
|a Women, Prehistoric.
|
| 650 |
|
0 |
|a Social archaeology.
|
| 650 |
|
0 |
|a Sex role.
|
| 650 |
|
7 |
|a SOCIAL SCIENCE
|x Archaeology.
|2 bisacsh
|
| 655 |
|
4 |
|a Electronic books.
|
| 700 |
1 |
|
|a Bolger, Diane,
|d 1954-
|
| 776 |
0 |
8 |
|i Print version:
|t Companion to gender prehistory.
|d Malden, MA : John Wiley & Sons Inc., ©2012
|z 9780470655368
|w (DLC) 2012015898
|
| 856 |
4 |
0 |
|u https://doi.org/10.1002/9781118294291
|z Full Text via HEAL-Link
|
| 994 |
|
|
|a 92
|b DG1
|